Fundamentals of physics / (Record no. 544169)
[ view plain ]
| 000 -LEADER | |
|---|---|
| fixed length control field | 00851cam a2200241 a 4500 |
| 020 ## - INTERNATIONAL STANDARD BOOK NUMBER | |
| International Standard Book Number | 0471232319 (alk. paper) |
| 082 04 - DEWEY DECIMAL CLASSIFICATION NUMBER | |
| Classification number | 530 |
| Author Mark | HAL |
| -- | N-01, P-159 |
| 100 1# - MAIN ENTRY--PERSONAL NAME | |
| Personal name | Halliday, David, |
| 9 (RLIN) | 5033 |
| 245 10 - TITLE STATEMENT | |
| Title | Fundamentals of physics / |
| Statement of responsibility, etc. | David Halliday, Robert Resnick, Jearl Walker. |
| 250 ## - EDITION STATEMENT | |
| Edition statement | 7th ed., extended ed. |
| 260 ## - PUBLICATION, DISTRIBUTION, ETC. | |
| Place of publication, distribution, etc. | Hoboken, NJ : |
| Name of publisher, distributor, etc. | Wiley, |
| Date of publication, distribution, etc. | c2005. |
| 300 ## - PHYSICAL DESCRIPTION | |
| Extent | 1 v. (various pagings) : |
| Other physical details | ill. (some col.) ; |
| Dimensions | 29 cm. |
| 500 ## - GENERAL NOTE | |
| General note | Includes indexes. |
| 526 ## - STUDY PROGRAM INFORMATION NOTE | |
| Program name | 0 |
| Interest level | 0 |
| Reading level | 0 |
| Title point value | 530_000000000000000_HAL |
| 526 ## - STUDY PROGRAM INFORMATION NOTE | |
| Program name | 0 |
| Interest level | 0 |
| Reading level | 0 |
| Title point value | 530_000000000000000_HAL |
| 650 #0 - SUBJECT ADDED ENTRY--TOPICAL TERM | |
| Topical term or geographic name entry element | NUST |
| 9 (RLIN) | 6342 |
| 650 #0 - SUBJECT ADDED ENTRY--TOPICAL TERM | |
| Topical term or geographic name entry element | Physics. |
| 700 1# - ADDED ENTRY--PERSONAL NAME | |
| Personal name | Resnick, Robert, |
| 9 (RLIN) | 8684 |
| 700 1# - ADDED ENTRY--PERSONAL NAME | |
| Personal name | Walker, Jearl, |
| 9 (RLIN) | 8685 |
| 856 41 - ELECTRONIC LOCATION AND ACCESS | |
| Uniform Resource Identifier | <a href="http://www.loc.gov/catdir/toc/wiley051/2004556239.html">http://www.loc.gov/catdir/toc/wiley051/2004556239.html</a> |
| 856 42 - ELECTRONIC LOCATION AND ACCESS | |
| Uniform Resource Identifier | <a href="http://www.loc.gov/catdir/enhancements/fy0621/2004556239-d.html">http://www.loc.gov/catdir/enhancements/fy0621/2004556239-d.html</a> |
| 942 ## - ADDED ENTRY ELEMENTS (KOHA) | |
| Source of classification or shelving scheme | |
| Koha item type | Book |
| Withdrawn status | Lost status | Source of classification or shelving scheme | Damaged status | Not for loan | Permanent Location | Current Location | Date acquired | Total Checkouts | Total Renewals | Full call number | Barcode | Date last seen | Date last checked out | Price effective from | Koha item type |
|---|---|---|---|---|---|---|---|---|---|---|---|---|---|---|---|
| Military College of Engineering (MCE) | Military College of Engineering (MCE) | 04/15/2014 | 4 | 1 | 530 HAL | MCE-39218 | 01/30/2020 | 12/10/2019 | 04/15/2014 | Book | |||||
| Military College of Engineering (MCE) | Military College of Engineering (MCE) | 06/18/2015 | 3 | 530 HAL | MCE-39217 | 01/02/2020 | 12/03/2019 | 06/18/2015 | Book |
